000 00504nam a2200205Ia 4500
005 20250425161453.0
008 250425s9999 xx 000 0 und d
020 _a0408705442
041 _aeng
082 _a614.7
100 _aKNIGHTS, BRIAN
245 0 _aPOLLUTION AND THE USE OF CHEMICALS IN AGRICULTURE
250 _a1ST ED.
260 _aLONDON
260 _aReino Unido
_bBUTTERWORTHS
_c1974
300 _a136
650 _aCONTAMINACION DE ALIMENTOS
942 _c01
010 _a21057
999 _c209917
_d209917